000 00965nam a2200265Ia 4500
003 OSt
005 20220923211506.0
006 a|||||r|||| 00| 0
007 ta
008 220922b |||||||| |||| 00| 0 hin d
020 _a9789352295838 (hbk)
_c995
024 _a354,752
037 _b1101, 27/12/2021, Rupa Prkashan
_cTextual
040 _aARTS
_cARTS
_bhin
041 _2hin
_ahin
082 _aY:1.25296, Q6
100 _aमिश्र, यतीन्द्र, संपा.
245 0 _aशहरनामा फ़ैज़ाबाद
246 _aShaharanāmā फ़aiज़ābāda
260 _aनई दिल्ली
_b वाणी प्रकाशन
_c2016
300 _a638पृ.
_ccm.
650 _aभारतीय संस्कृति
_9157954
942 _hY:1.25296, Q6
_cTEXL
_2CC
999 _c300090
_d300090